000 00763nam a2200205 i 4500
001 33790
003 ES-MaACL
005 20230906154824.0
007 t|
008 030203s1934 sp ||||1| spa d
100 1 _aBoehler, Lorenz.
_929730
245 1 0 _aTécnica del tratamiento de las fracturas /
_cpor Lorenz Böhler ; traducción de la cuarta edición alemana por F. Jimeno Vidal ; con un prólogo de Joaquín Trias Pujol.
260 _aBarcelona, etc. :
_bLabor,
_c1934 (
_fTalls. Gráfs. Iberoamericanos)
300 _aXXIII, 768 p., 7 lám. :
_bil. ;
_c25 cm.
650 0 4 _aFracturas óseas-
_xTratamiento.
_912976
700 1 _aJimeno Vidal, F.
_966660
700 1 _aTrias Pujol, Joaquín.
_9199664
852 _aES-MaACL
_jE-1050
999 _c33790
_d33790